Missing Word: 19th Century Figures A-Z Quiz Stats

 Plays Quiz Updated Apr 25, 2015

Challenge
Share
Tweet
Embed
Score 0/24 Timer 03:00
3 Plays Today
Hint Answer % Correct
Alexander____ Bell - inventorGraham
97.9%
____ Marx - philosopherKarl
97.5%
____ Austen - authorJane
97.3%
____ Bonaparte - emperorNapoleon
97.1%
____ van Gogh - painterVincent
96.9%
Claude ____ - painterMonet
96.2%
John ____ Adams - presidentQuincy
95.4%
____ Tolstoy - authorLeo
95.4%
Charles ____ - evolutionary theoristDarwin
95.1%
____ S. Grant - presidentUlysses
93%
Oscar ____ - writerWilde
91.3%
____ von Bismarck - statesmanOtto
90.2%
Hint Answer % Correct
Crazy ____ - war leaderHorse
89.3%
____ Bolívar - independence leaderSimón
82.5%
Washington ____ - authorIrving
82.4%
____ Zola - writerÉmile
71.6%
Auguste ____ - sculptorRodin
69.7%
____ Gauguin - painterPaul
69%
Sojourner ____ - abolitionistTruth
68.6%
Shaka ____ - monarchZulu
61%
____ Rhodes - mining magnateCecil
50.6%
Gustave ____ - authorFlaubert
47.2%
____ de Tocqueville - political thinkerAlexis
37.8%
____ O'Higgins - independence leaderBernardo
16.1%

Today's Daily Dose

You're not logged in!

Compare scores with friends on all Sporcle quizzes.
OR
Log In

You Might Also Like...

Show Comments

Extras

Top Quizzes Today


Score Distribution

Your Account Isn't Verified!

In order to create a playlist on Sporcle, you need to verify the email address you used during registration. Go to your Sporcle Settings to finish the process.

Report this User

Report this user for behavior that violates our Community Guidelines.

Details: